00489nam a2200169Ia 4500003000400000008004100004040001600045082001700061100002200078245006700100260005900167300001000226490000500236650003400241650001700275650002700292GCL140319s9999 xx 000 0 ara d aGCL / cGCL04a247.9bع ث1 aعارف تامر10aثلاث رسائل اسماعيلية / cعارف تامر a[S.N] : bدار الافاق الجديدة ، c1983 a52 ص a04aالفرق الاسلامية04aالشيعة04aالاسماعيلية